| 000 -ლიდერი |
| ფიქსირებული სიგრძის საკონტროლო ველი |
02068nam a22002897a 4500 |
| 003 - საკონტროლო ნომრის იდენტიფიკატორი |
| საკონტროლო ველი |
Ge_BSU |
| 005 - ბოლო ოპერაციის თარიღი და დრო |
| საკონტროლო ველი |
20251205144009.0 |
| 008 - ფიქსირებული სიგრძის მონაცემთა ელემენტები - ზოგადი ინფორმაცია |
| ფიქსირებული სიგრძის საკონტროლო ველი |
230605s2018 ge ||||| |||| 00| 0 eng d |
| 020 ## - წიგნის საერთაშორისო სტანდარტული ნომერი |
| International Standard Book Number |
9788301203047 |
| 041 ## - ენის კოდი |
| Language code of text/sound track or separate title |
eng |
| 080 ## - უნივერსალური ათობითი კლასიფიკაციის ინდექსი |
| Universal Decimal Classification number |
739.1(479.22)(084.12)+ 642.732(479.22)(084.12) Sh-53 |
| 100 ## - მთავარი ჩანაწერი - პიროვნების სახელი |
| Personal name |
Shanshiashvili, Ana |
| 9 (RLIN) |
18497 |
| 245 ## - ცნობა სათაურის შესახებ |
| Title |
Old Tbilisian silverware / |
| Statement of responsibility, etc |
Ana Shanshiashvili ; text editor Peter Skinner ; photographer: M. Kiladze, O. Ganichnva, F.B. Flood ; design Gega Paksashvili ; Shota Rustaveli National Science Foundation. |
| 264 ## - წარმოების, გამოცემის, დისტრიბუციის და სხვა ცნობები |
| გამოცემის, წარმოების, დისტრიბუციის... ადგილი |
Tbilisi, |
| გამოცემის, წარმოების, დისტრიბუციის... თარიღი |
2018. |
| 300 ## - ფიზიკური აღწერა |
| Extent |
120 p. : |
| Other physical details |
phot. ; |
| Dimensions |
27 cm. |
| 500 ## - ზოგადი შენიშვნა |
| General note |
The catalogue has been prepared in the framework of the projects: "The 19th-Century Tbilisian Silverware: Unknown Phenomenon of Georgian Culture", Funded by: Shota Rustaveli National Science Foundation's 2015 Young Scientist Research Grant, Implemented by The State Museum of Folk and Applied Arts of Georgia; "Virtual Anastylosis of Georgian Movable Cultural Heritage Based on The Research of Collections in Saint Petersburg Museums", Funded by: Shota Rustaveli National Scientific Fund, Implemented by Tbilisi State Academy of Arts. |
| 504 ## - BIBLIOGRAPHY, ETC. NOTE |
| Bibliography, etc |
ბიბლიოგრაფია: გვ. 118-119. |
| 653 ## - INDEX TERM--UNCONTROLLED |
| Uncontrolled term |
ვერცხლის მხატვრული დამუშავება საქართველოში -- ფოტოალბომები |
| 653 ## - INDEX TERM--UNCONTROLLED |
| Uncontrolled term |
ვერცხლის ჭურჭელი -- საქართველო -- ფოტოალბომები. |
| 700 ## - ADDED ENTRY--PERSONAL NAME |
| Personal name |
Skinner, Peter |
| Relator term |
ტექსტის რედაქტორი |
| 9 (RLIN) |
18498 |
| 700 ## - ADDED ENTRY--PERSONAL NAME |
| Personal name |
Kiladze, M. |
| Relator term |
ფოტოგრაფი |
| 9 (RLIN) |
18499 |
| 700 ## - ADDED ENTRY--PERSONAL NAME |
| Personal name |
Ganichnva, O. |
| Relator term |
ფოტოგრაფი |
| 9 (RLIN) |
18500 |
| 700 ## - ADDED ENTRY--PERSONAL NAME |
| Personal name |
Flood, F.B. |
| Relator term |
ფოტოგრაფი |
| 9 (RLIN) |
18501 |
| 700 ## - ADDED ENTRY--PERSONAL NAME |
| Personal name |
Paksashvili, Gega |
| Relator term |
დიზაინერი |
| 9 (RLIN) |
18502 |
| 710 ## - ADDED ENTRY--CORPORATE NAME |
| Corporate name or jurisdiction name as entry element |
შოთა რუსთაველის ეროვნული სამეცნიერო ფონდი. |
| 9 (RLIN) |
18503 |
| 942 ## - ADDED ENTRY ELEMENTS (KOHA) |
| Source of classification or shelving scheme |
|
| Koha item type |
წიგნი |